| 000 | 00700nam a2200229Ia 4500 | ||
|---|---|---|---|
| 003 | OSt | ||
| 005 | 20220923230852.0 | ||
| 006 | a|||||r|||| 00| 0 | ||
| 007 | ta | ||
| 008 | 220922b |||||||| |||| 00| 0 pan d | ||
| 024 | _a306,179 | ||
| 037 | _cTextual | ||
| 040 |
_aARTS _cARTS _bpan |
||
| 041 |
_2pan _apan |
||
| 082 | _aO44,1:g, 153K3;M5 | ||
| 100 |
_aਸਿੰਘ, ਪ੍ਰੇਮ ਪ੍ਰਕਾF _9157631 |
||
| 245 | 0 | _aਭਾਰਤੀ ਕਾਵਿ Fਾਸਤ੍ਰ | |
| 260 | _c1985 | ||
| 650 | _aਭਾਰਤੀਯ ਕਾਵਿ Fਾਸਤ੍ਰ | ||
| 942 |
_hO44,1:g, 153K3;M5 _cTEXL _2CC |
||
| 999 |
_c387966 _d387966 |
||